| 000 | 00374nam a22001577a 4500 | ||
|---|---|---|---|
| 003 | OSt | ||
| 005 | 20240322110949.0 | ||
| 008 | 170801b xxu||||| |||| 00| 0 eng d | ||
| 020 | _a9788183600996 | ||
| 040 | _cSEROSOFT | ||
| 100 | _aMEHRA,VED PRAKASH | ||
| 245 | _aENGINEERING APPLIED CHEMISTRY | ||
| 260 |
_aDELHI _bJAIN BROTHER _c2004 |
||
| 300 | _a444 | ||
| 942 |
_2ddc _c03 |
||
| 999 |
_c36036 _d36036 |
||